Top 'I' Cities by European Country Quiz Stats

 Plays Quiz not verified by Sporcle

Score 0/41 Timer 10:00
0 Plays Today
Country City % Correct
TurkeyIstanbul
95.5%
AustriaInnsbruck
89.2%
United KingdomIpswich
78%
RomaniaIași
67.2%
GermanyIngolstadt
61.9%
United KingdomInverness
48.8%
RussiaIzhevsk
43.3%
RussiaIvanovo
41.8%
UkraineIvano-Frankivsk
31.9%
ItalyImola
29.5%
GermanyIserlohn
28.3%
GreeceIoannina
26.4%
SpainIrun
22.1%
FranceIvry-sur-Seine
21.6%
SpainIbiza
18.2%
United KingdomIrvine
17.6%
BelgiumIxelles
17.1%
GermanyIbbenbüren
15.8%
FranceIssy-les-Moulineaux
15.8%
GermanyItzehoe
14.1%
FranceIstres
13.6%
Country City % Correct
PolandInowrocław
10.9%
United KingdomIlkeston
10.8%
UkraineIzmail
9.8%
FranceIllkirch-Graffenstaden
9.2%
FinlandImatra
9.1%
GermanyIdar-Oberstein
7.9%
SerbiaInđija
7.8%
United KingdomIngleby Barwick
7.8%
FinlandIisalmi
7.4%
BelgiumIzegem
7.3%
PolandIława
6.9%
SpainInca
5.5%
UkraineIzium
3.8%
RussiaIshimbay
3.8%
SpainIgualada
3.7%
UkraineIllichivsk
3.5%
UkraineIrpin
3.5%
RussiaIvanteyevka
3.5%
RussiaIzberbash
3.3%
SpainIllescas
2.5%

You're not logged in!

Compare scores with friends on all Sporcle quizzes.
OR
Log In

Show Comments

Extras

Top Quizzes Today


Score Distribution

Your Account Isn't Verified!

In order to create a playlist on Sporcle, you need to verify the email address you used during registration. Go to your Sporcle Settings to finish the process.

Report this User

Report this user for behavior that violates our Community Guidelines.

Details: